Регионална библиотека "Любен Каравелов" - Русе

Генералът изтребител Симеон Симеонов - Монката и ескадрилата му (Запис номер 63627)

MARC детайли
000 -Лидер
Контролно поле с фиксирана дължина 01705nam a2200385 c 4500
003 - Код на организацията, давaща контролен номер
Контролно поле BLK
005 - Дата и час на последна редакция
Контролно поле 20180422102620.0
008 - Елементи от данни с фиксирана дължина
fixed length control field 180408b bul|||||r ||||||| ||bul||
010 ## - Наследен системен номер
LC control number KNG00067867000
020 ## - Международен стандартен номер на книга ISBN
Международен стандартен номер на книга ISBN 954-328-024-Х
-- издат.: Арго Пъблишинг
040 ## - Източник на каталожния запис
Идентификатор на билиотеката - собственик на записа BLK
041 ## - Код за език
Код за езика на текст/звукозапис или на отделно заглавие Български
Код за езика КДБФ Български
080 ## - УДК
Текстов определител УДК Военновъздушни сили. Вж и 355.3 ; 359
УДК код - определител по УДК 358.4
УДК определител (497.2)(092)
УДК - код + определител 358.4(497.2)(092)
080 ## - УДК
Текстов определител УДК
УДК код - определител по УДК 929 Симеонов, Симеон Стефанов
УДК определител
УДК - код + определител 929 Симеонов, Симеон Стефанов
100 1# - Редна дума - Автор
Автор Харалампиев, Дочо
Авторска отговорност първи автор
R(LIN) 291533
139 ## - Редно поле
Редна дума Харалампиев, Дочо
Авторски знак Сим - С 37
245 10 - Сведения за заглавието
Заглавие Генералът изтребител Симеон Симеонов - Монката и ескадрилата му
Редно поле (дума) Дочо Харалампиев.
257 ## - Страна на издаване
Страна на създаване/издаване България
260 ## - Област на издателските данни
-- София
Име на издателя, разпространителя и проч. Арго Пъблишинг
Година на издаване 2005
Печатница София : Балкан прес
300 ## - Физическа характеристика
Страници 264 с.
Илюстрации и др. с ил., 8 л. цв. ил.
Размери/Мащаб 24 см
380 ## - Жанр
Жанр Обществени науки
500 ## - Общи забележки
Забележка Кор. загл. Тоно. - Съдържа и Нещо за автора Дочо Харалампиев
600 14 - Име на лице, използвано като предмет
За него / За нея Симеонов, Симеон Стефанов
9 (RLIN) 370297
650 #4 - Допълнително описание по предмет – тема
Основно описание – тема или топоним Летци, военни - България
9 (RLIN) 291534
650 #4 - Допълнително описание по предмет – тема
Основно описание – тема или топоним Военновъздушни сили - България - история
9 (RLIN) 253835
653 ## - Ключова дума – ненормативна
Ключова дума летци
653 ## - Ключова дума – ненормативна
Ключова дума военни летци
653 ## - Ключова дума – ненормативна
Ключова дума военновъздушни сили
653 ## - Ключова дума – ненормативна
Ключова дума Симеон Симеонов
852 ## - Местоположение
Форматна сигнатура Цб 229063
856 4# - Електронен адрес и достъп
Електронен формат pdf - файл
Път до файла /url/
856 4# - Електронен адрес и достъп
Електронен формат pdf - файл
Път до файла /url/
942 ## - АРТИКУЛИ
Вид на библиотечния материал Книги
Скрит в OPAC Не
944 ## - СЪЗДАВАНЕ И РЕДАКЦИЯ на ЗАПИСА
Създаване/Редакция Създаване
Дата на регистрацията/редакция 23.08.2006
Служител, извършил регистрацията/редакцията Валя_Йорданова
944 ## - СЪЗДАВАНЕ И РЕДАКЦИЯ на ЗАПИСА
Създаване/Редакция Редакция
Дата на регистрацията/редакция 26.01.2010
Служител, извършил регистрацията/редакцията
999 ## - СИСТЕМНИ КОНТРОЛНИ НОМЕРА
Koha biblionumber 63627
Koha biblioitemnumber 63627
Наличности
Код за отписване Код за изгубен артикул Код за повреда Коз за рестрикции Код за отдаване Артикулен № Име на библиотеката - собственик Име на библиотеката, в която се намира в момента Статус (Текущо местоположение) Дата на вписване в системата Местоположение - отдел Цена в лева Инвентарен номер Систематично азбучна сигнатура Баркод Номер на екземпляра Цена в евро Служебна бележка Служебен тип на артикула
  Не е изгубен Не е повреден без рестрикции ползва се в читалня 105339 Регионална библиотека "Любен Каравелов" Русе Регионална библиотека "Любен Каравелов" Русе Хранилище 2006-08-23 Хранилище 0.00 120000704965 Цб 229063 120000704965 1 0.00 Дост: Dp Вид: Д N: 38 Дата: 07.09.2005 Книги
  Не е изгубен Не е повреден без рестрикции заемане за дома 105340 Регионална библиотека "Любен Каравелов" Русе Регионална библиотека "Любен Каравелов" Русе Заемна - подръчен фонд 2010-01-27 Заемна - подръчен фонд 12.00 120000741436 П 355/359/С 37 120000741436 2 6.14 Дост: DA Вид: А N: 3 Дата: 27.01.2010 Дата инв: 06.02.2018 Бележки инв: П2018 Книги
  Не е изгубен Не е повреден без рестрикции заемане за дома 105341 Регионална библиотека "Любен Каравелов" Русе Регионална библиотека "Любен Каравелов" Русе Заемна - подръчен фонд 2010-01-27 Заемна - подръчен фонд 12.00 120000741437 П 355/359/С 37 120000741437 3 6.14 Дост: DA Вид: А N: 3 Дата: 27.01.2010 Дата инв: 06.02.2018 Бележки инв: П2018 Книги
Vip Innovations Ltd, Rousse, Bulgaria 2025